Online
Catalog

El rayo verde / (Record no. 46088)

MARC details
000 -CABECERA
campo de control de longitud fija 00758nam a2200241 u 4500
001 - NÚMERO DE CONTROL
campo de control 000046599
005 - FECHA Y HORA DE LA ÚLTIMA TRANSACCIÓN
campo de control 20240226141827.0
008 - DATOS DE LONGITUD FIJA--INFORMACIÓN GENERAL
campo de control de longitud fija 170124s1986 sp a r 000 0 spa d
020 ## - NÚMERO INTERNACIONAL ESTÁNDAR DEL LIBRO
Número Internacional Estándar del Libro 8476347553
040 ## - FUENTE DE LA CATALOGACIÓN
Centro catalogador/agencia de origen DO-SdBNP
Lengua de catalogación spa
Centro/agencia transcriptor BNPHU
082 ## - NÚMERO DE LA CLASIFICACIÓN DECIMAL DEWEY
Número de clasificación 843.8
Número de documento/Ítem V531ra
100 1# - ENTRADA PRINCIPAL--NOMBRE DE PERSONA
Nombre de persona Verne, Julio,
Fechas asociadas al nombre 1828-1905
9 (RLIN) 1073
240 10 - TÍTULO UNIFORME
Título uniforme Le rayon-vert.
Lenguaje de la obra Español
245 13 - MENCIÓN DE TÍTULO
Título El rayo verde /
Mención de responsabilidad, etc. Julio Verne ; traducción, S. Nerval.
260 ## - PUBLICACIÓN, DISTRIBUCIÓN, ETC.
Lugar de publicación, distribución, etc. Barcelona :
Nombre del editor, distribuidor, etc. Ediciones Orbis,
Fecha de publicación, distribución, etc. 1986.
300 ## - DESCRIPCIÓN FÍSICA
Extensión 190 p. :
Otras características físicas il. ;
Dimensiones 20 cm.
490 1# - MENCIÓN DE SERIE
Mención de serie Julio Verne
Designación de volumen o secuencia 2
500 ## - NOTA GENERAL
Nota general Traducción de : Le rayon vert
650 #4 - PUNTO DE ACCESO ADICIONAL DE MATERIA--TÉRMINO DE MATERIA
Término de materia o nombre geográfico como elemento de entrada Novela juvenil francesa
9 (RLIN) 74576
650 #4 - PUNTO DE ACCESO ADICIONAL DE MATERIA--TÉRMINO DE MATERIA
Término de materia o nombre geográfico como elemento de entrada Literatura juvenil francesa
9 (RLIN) 74577
700 12 - PUNTO DE ACCESO ADICIONAL--NOMBRE DE PERSONA
Nombre de persona Nerval, S.
Término indicativo de función/relación tr.
9 (RLIN) 74580
830 #0 - PUNTO DE ACCESO ADICIONAL DE SERIE-TÍTULO UNIFORME
Título uniforme Julio Verne
Designación de volumen o secuencia 2
9 (RLIN) 74579
Holdings
Estado de retiro Estado de pérdida Restricciones de uso No para préstamo Código de colección Localización permanente Ubicación/localización actual Ubicación en estantería Fecha de adquisición Número de inventario Total de préstamos Signatura topográfica completa Código de barras Fecha visto por última vez Precio válido a partir de Tipo de ítem Koha
    Préstamo interno   Monografías: Libros y Folletos General General En catalogación 24.01.2017 LF1   843.8 V531ra 46599-10 25.06.2020 25.06.2020 Préstamo interno

Powered by Koha